000 00626nam a2200277Ia 4500
005 20260324142706.0
008 008 260324s9999 xx 000 0 eng d
020 _a9781003556671
037 _aEBOOK
040 _aCRL
040 _beng
040 _cCRL
041 _2eng
041 _aeng
084 _qCRL
100 _aHerbert Franke
_91207830
245 0 _aChina Under Mongol Rule
260 _bTaylor and Francis
260 _c1994
365 _a
365 _b145
856 _uhttp://www.taylorfrancis.com/books/9781003556671
942 _cEBOOK
999 _c1817365
_d1817365